[Event "zonal 1.5"]
[Site "Panormo GRE"]
[Date "1998.10.24"]
[Round "1"]
[White "Vaganian, Rafael"]
[Black "Solak, Dragan"]
[Result "1-0"]
[WhiteElo "2630"]
[BlackElo "2425"]
[EventDate "1998.10.24"]
[PlyCount "57"]

1.Nf3 Nf6 2.c4 g6 3.g3 Bg7 4.Bg2 O-O 5.O-O d6 6.Nc3 e5 7.d4 Nbd7 8.h3 c6 
9.e4 exd4 10.Nxd4 Re8 11.Be3 Qa5 12.Qc2 Nb6 13.b3 Bd7 14.f4 Qh5 15.f5 Bh6 
16.Bxh6 Qxh6 17.fxg6 Qxg6 18.Qf2 Kg7 19.Rad1 Rad8 20.Rd3 Be6 21.Nce2 Qg5 
22.Rf3 Nbd7 23.Nf5+ Bxf5 24.Rxf5 Qh6 25.g4 Nxe4 26.Qd4+ Ndf6 27.g5 Nxg5 
28.Rxf6 c5 29.Rg6+ 1-0

[Event "zonal 1.5"]
[Site "Panormo GRE"]
[Date "1998.10.24"]
[Round "1"]
[White "Nadanian, Ashot"]
[Black "Minasian, Artashes"]
[Result "1/2-1/2"]
[WhiteElo "2415"]
[BlackElo "2620"]
[EventDate "1998.10.24"]
[PlyCount "115"]

1.d4 c5 2.e3 Nf6 3.Nf3 g6 4.c4 Bg7 5.Nc3 O-O 6.Be2 d6 7.O-O Bf5 8.h3 Na6 
9.b3 e5 10.Bb2 e4 11.Nh2 Re8 12.Qd2 h5 13.Rad1 Nc7 14.dxc5 dxc5 15.g4 hxg4
16.hxg4 Be6 17.Qxd8 Raxd8 18.Rxd8 Rxd8 19.Rd1 Rxd1+ 20.Nxd1 a6 21.Be5 Nce8
22.Nc3 Bf8 23.Bxf6 Nxf6 24.g5 Nh7 25.Nxe4 Bf5 26.Bf3 Be7 27.Nc3 Bc8 28.Na4
Nxg5 29.Bd5 b5 30.Nb6 Bf5 31.cxb5 axb5 32.a4 Bd8 33.a5 Ne4 34.Nf3 Nc3 35.
Bc6 Kf8 36.Ne5 Ke7 37.Bd7 Bxd7 38.Nexd7 Nd5 39.Nxc5 Bxb6 40.axb6 Nxb6 41.
Nd3 Kd6 42.e4 Nd7 43.b4 Ne5 44.Ne1 f5 45.f3 Nc4 46.Nd3 Ne5 47.Ne1 Nf7 48.
Nd3 Ne5 49.Ne1 f4 50.Kf2 Nc6 51.Nd3 g5 52.Ke2 Ke7 53.Kf1 Kf6 54.Ke2 Kg6 
55.Kf2 Kh5 56.Kg2 Kh4 57.Kf2 Kh5 58.Kg2 1/2-1/2

[Event "zonal 1.5"]
[Site "Panormo GRE"]
[Date "1998.10.24"]
[Round "1"]
[White "Lputian, Smbat"]
[Black "Chibukhchian, Artur"]
[Result "1-0"]
[WhiteElo "2615"]
[BlackElo "2415"]
[EventDate "1998.10.24"]
[PlyCount "56"]

1.d4 Nf6 2.Nf3 g6 3.c4 Bg7 4.Nc3 O-O 5.e4 d6 6.Be2 e5 7.O-O Nbd7 8.Be3 
exd4 9.Nxd4 Re8 10.f3 c6 11.Qd2 Qe7 12.Rfe1 Nb6 13.Bf1 Bd7 14.Rad1 Rac8 
15.b3 h5 16.a4 Na8 17.Nc2 Bf8 18.Bg5 Rcd8 19.Qf4 Kg7 20.Bh6+ Kg8 21.Bxf8 
Rxf8 22.Rxd6 Be6 23.e5 Nd7 24.Ne4 Nc7 25.Ne3 Ne8 26.Rd3 f6 27.exf6 Nexf6 
28.Ng5 Ng4 1-0

[Event "zonal 1.5"]
[Site "Panormo GRE"]
[Date "1998.10.24"]
[Round "1"]
[White "Sturua, Zurab"]
[Black "Mchedlishvili, Mikheil"]
[Result "1-0"]
[WhiteElo "2600"]
[BlackElo "2390"]
[EventDate "1998.10.24"]
[PlyCount "99"]

1.d4 Nf6 2.c4 e6 3.Nc3 Bb4 4.e3 c5 5.Ne2 cxd4 6.exd4 d5 7.a3 Be7 8.Nf4 
dxc4 9.Bxc4 O-O 10.O-O Nc6 11.Be3 Bd6 12.Nh5 Nxh5 13.Qxh5 Ne7 14.Bg5 Qc7 
15.Bd3 Nf5 16.Rac1 f6 17.Nb5 Qd7 18.Nxd6 Qxd6 19.Bd2 a5 20.Qh3 g6 21.Rfd1 
Bd7 22.Bxf5 gxf5 23.d5 e5 24.f4 Rf7 25.Qe3 Qxd5 26.Bc3 Qe4 27.Qxe4 fxe4 
28.fxe5 fxe5 29.Rd5 a4 30.Rxe5 h6 31.Rxe4 Kh7 32.Rd1 Bc6 33.Re6 Re8 34.
Rxe8 Bxe8 35.Rd6 h5 36.Rd5 Kg6 37.Rd6+ Kh7 38.Rd8 Re7 39.Kf2 Rf7+ 40.Kg3 
Re7 41.Kh4 Kg6 42.Rd6+ Kf5 43.Rf6+ Ke4 44.Bb4 Re5 45.Bd6 Rd5 46.Re6+ Kf5 
47.Rxe8 Rxd6 48.Kxh5 Rd2 49.g4+ Kf4 50.Rf8+ 1-0

[Event "zonal 1.5"]
[Site "Panormo GRE"]
[Date "1998.10.24"]
[Round "1"]
[White "Kofidis, Andreas"]
[Black "Atalik, Suat"]
[Result "0-1"]
[WhiteElo "2380"]
[BlackElo "2585"]
[EventDate "1998.10.24"]
[PlyCount "68"]

1.e4 c6 2.d4 d5 3.Nd2 dxe4 4.Nxe4 Bf5 5.Ng3 Bg6 6.f4 e6 7.Nf3 Bd6 8.Bd3 
Ne7 9.Qe2 Nd7 10.Bd2 Bxd3 11.Qxd3 Qc7 12.Ne5 Rd8 13.Qe2 c5 14.Ne4 O-O 15.
Nxd6 Qxd6 16.Nxd7 Rxd7 17.dxc5 Qxc5 18.O-O-O Nd5 19.Be3 Qa5 20.a3 Rc8 21.
Rhf1 Rdc7 22.Rd2 Qa4 23.Bd4 Rc4 24.Qf2 Nb4 25.c3 Nc6 26.Rfd1 h6 27.g4 Qb3 
28.Bc5 b6 29.Bd6 Qa2 30.Rd3 Na5 31.Bb4 Nb3+ 32.Kc2 Kh7 33.Bd6 Nd4+ 34.Kc1 
Rxc3+ 0-1

[Event "zonal 1.5"]
[Site "Panormo GRE"]
[Date "1998.10.24"]
[Round "1"]
[White "Borg, Geoffrey"]
[Black "Damljanovic, Branko"]
[Result "1-0"]
[WhiteElo "2360"]
[BlackElo "2555"]
[EventDate "1998.10.24"]
[PlyCount "77"]

1.d4 Nf6 2.c4 g6 3.Nc3 Bg7 4.e4 d6 5.f4 O-O 6.Nf3 Na6 7.Be3 c6 8.Be2 Nc7 
9.h3 d5 10.e5 Ne4 11.Nxe4 dxe4 12.Ng5 f5 13.h4 h6 14.Nh3 b5 15.b3 Be6 16.
Rc1 Rb8 17.Qd2 bxc4 18.bxc4 Rb7 19.Kf2 Qb8 20.Rhd1 Rb4 21.Rc2 Qb7 22.Qc3 
Rb8 23.Bc1 Rb1 24.Ba3 Rxd1 25.Bxd1 Qb1 26.Rd2 Bf8 27.Bb3 a5 28.Rd1 Rxb3 
29.Qxb3 e3+ 30.Kxe3 Qe4+ 31.Kf2 Nd5 32.cxd5 Bxd5 33.Qf3 Qc2+ 34.Qe2 Qa4 
35.Bc5 Kf7 36.Rb1 Bc4 37.Qd2 Bd5 38.Ng1 Qc4 39.Nf3 1-0

[Event "zonal 1.5"]
[Site "Panormo GRE"]
[Date "1998.10.24"]
[Round "1"]
[White "Kotronias, Vasilios"]
[Black "Olcayoz, Alper"]
[Result "1-0"]
[WhiteElo "2555"]
[BlackElo "2345"]
[EventDate "1998.10.24"]
[PlyCount "111"]

1.e4 e5 2.Nf3 Nc6 3.Bb5 a6 4.Ba4 Nf6 5.O-O Be7 6.Re1 b5 7.Bb3 d6 8.c3 O-O 
9.h3 Nd7 10.d4 Bf6 11.a4 Bb7 12.d5 Ne7 13.axb5 axb5 14.Rxa8 Qxa8 15.Na3 
Ba6 16.Nc2 Nc5 17.Nb4 Bb7 18.Bc2 Na6 19.Nxa6 Qxa6 20.Qd3 Rd8 21.b3 c6 22.
c4 bxc4 23.bxc4 Nc8 24.Be3 Qa5 25.Qb3 Rd7 26.Rb1 h6 27.Qa4 Qxa4 28.Bxa4 
Rc7 29.Bd2 cxd5 30.cxd5 Ba6 31.Bc6 Bd3 32.Rb8 Kh7 33.Rb4 Ne7 34.Bb5 Bxb5 
35.Rxb5 Ng6 36.g3 Be7 37.Kf1 Rc4 38.Rb4 Rxb4 39.Bxb4 Kg8 40.Nd2 Kf8 41.Nc4
Ke8 42.Bxd6 f6 43.Ke2 Kd7 44.Bxe7 Nxe7 45.Kd3 h5 46.h4 Ng6 47.Kc3 Nf8 48.
Kb4 Kc7 49.Kb5 Nd7 50.d6+ Kb7 51.Na5+ Kc8 52.Kc6 Nf8 53.Kd5 Kd7 54.Nb7 g6 
55.Nc5+ Ke8 56.Kc6 1-0

[Event "zonal 1.5"]
[Site "Panormo GRE"]
[Date "1998.10.24"]
[Round "1"]
[White "Nikolaidis, Konstantinos"]
[Black "Miladinovic, Igor"]
[Result "0-1"]
[WhiteElo "2335"]
[BlackElo "2555"]
[EventDate "1998.10.24"]
[PlyCount "72"]

1.e4 c5 2.Nf3 Nc6 3.d4 cxd4 4.Nxd4 Qc7 5.Nc3 e6 6.g3 a6 7.Bg2 Nf6 8.O-O 
Bc5 9.Nxc6 dxc6 10.Na4 Ba7 11.c4 b5 12.e5 Nd7 13.Nc3 bxc4 14.Qg4 Bb7 15.
Qxg7 Qxe5 16.Qg4 Qd4 17.Ne4 Nf6 18.Nxf6+ Qxf6 19.h4 Qg6 20.Qf3 Rd8 21.h5 
Qg7 22.Be3 Bxe3 23.Qxe3 O-O 24.Rad1 Ba8 25.Be4 h6 26.Qe2 Rd5 27.Qxc4 Rxh5 
28.Qxa6 Qxb2 29.Rd7 Qb5 30.Qa7 Rg5 31.Rfd1 Qa5 32.Qe3 c5 33.R1d2 Bxe4 34.
Qxe4 Rg6 35.Rb7 Qxd2 36.Kg2 Qd5 0-1

[Event "zonal 1.5"]
[Site "Panormo GRE"]
[Date "1998.10.24"]
[Round "1"]
[White "Bagaturov, Giorgi"]
[Black "Karatekin, Tamer"]
[Result "1-0"]
[WhiteElo "2540"]
[BlackElo "2325"]
[EventDate "1998.10.24"]
[PlyCount "85"]

1.d4 d5 2.c4 c6 3.Nf3 Nf6 4.Nc3 dxc4 5.a4 Bf5 6.e3 e6 7.Bxc4 Bb4 8.O-O O-O
9.Qb3 Qe7 10.Nh4 Nbd7 11.Nxf5 exf5 12.a5 Rab8 13.Qc2 g6 14.Bd2 Rfe8 15.f3 
c5 16.Kh1 a6 17.Rae1 Qd6 18.dxc5 Qxc5 19.Qb3 Ne5 20.Bxf7+ Nxf7 21.Na4 Qxa5
22.Bxb4 Qd5 23.Qa3 Ne5 24.Rd1 Qf7 25.Nb6 Rbd8 26.Bc3 Nd5 27.Bxe5 Nxb6 28.
Rxd8 Rxd8 29.Qa5 Rd5 30.Qxb6 Rxe5 31.Rc1 Rd5 32.e4 fxe4 33.fxe4 Rd2 34.e5 
Re2 35.Qd4 Qf2 36.Qd5+ Kg7 37.h3 Rxb2 38.e6 Re2 39.Qxb7+ Kh6 40.Qd5 Re1+ 
41.Rxe1 Qxe1+ 42.Kh2 a5 43.Qd6 1-0

[Event "zonal 1.5"]
[Site "Panormo GRE"]
[Date "1998.10.24"]
[Round "1"]
[White "Nikolaidis, Ioannis"]
[Black "Mastrovasilis, Athanasios"]
[Result "1-0"]
[WhiteElo "2530"]
[BlackElo "2315"]
[EventDate "1998.10.24"]
[PlyCount "133"]

1.c4 Nf6 2.Nc3 e6 3.Nf3 d5 4.d4 Bb4 5.Bg5 h6 6.Bxf6 Qxf6 7.Qb3 c5 8.cxd5 
exd5 9.a3 Bxc3+ 10.Qxc3 Nd7 11.Rc1 b6 12.e3 a6 13.dxc5 Qxc3+ 14.Rxc3 bxc5 
15.b4 cxb4 16.axb4 O-O 17.Nd4 Re8 18.Bd3 Ne5 19.Kd2 Rb8 20.Rb1 Rb6 21.h3 
Bb7 22.Rc5 g6 23.Be2 Kg7 24.Rc7 h5 25.h4 Kf6 26.Kc3 Rc8 27.Rxc8 Bxc8 28.
Ra1 Ke7 29.Kb3 Kd6 30.Rc1 Bd7 31.Rc5 Bg4 32.f3 Bd7 33.Rc2 f6 34.Rc1 Nc6 
35.Nxc6 Bxc6 36.Ra1 Bb7 37.Bd3 f5 38.Rc1 Bc6 39.Rc5 Bd7 40.Be2 Bc6 41.Kc3 
Bd7 42.Bd3 Bc6 43.Ra5 Bb7 44.b5 axb5 45.Rxb5 Rxb5 46.Bxb5 Ke5 47.g3 Ba8 
48.Be8 Kf6 49.Kd4 Bb7 50.Kc5 d4 51.exd4 Bxf3 52.Bc6 Bg4 53.Kd6 Bd1 54.Bd7 
Bb3 55.Bc8 Ba2 56.Ba6 Bb3 57.Be2 Bc2 58.Kc5 Be4 59.Bb5 Bf3 60.Bc6 Bg4 61.
d5 g5 62.hxg5+ Kxg5 63.Bd7 Kf6 64.d6 Ke5 65.Bc8 Kf6 66.Kb6 f4 67.Bxg4 1-0

[Event "zonal 1.5"]
[Site "Panormo GRE"]
[Date "1998.10.24"]
[Round "1"]
[White "Edzgveradze, Natalia"]
[Black "Tosic, Miroslav"]
[Result "1/2-1/2"]
[WhiteElo "2310"]
[BlackElo "2525"]
[EventDate "1998.10.24"]
[PlyCount "74"]

1.d4 Nf6 2.c4 d6 3.Nf3 c6 4.Nc3 Bg4 5.e4 Nbd7 6.Be2 e5 7.Be3 Be7 8.O-O O-O
9.Qc2 Re8 10.Rad1 Qc7 11.Rfe1 a6 12.Nb1 Bh5 13.h3 Rac8 14.dxe5 dxe5 15.c5 
Nf8 16.Nbd2 Ne6 17.b4 Bg6 18.Bd3 Rcd8 19.Nc4 Nf4 20.Bxf4 exf4 21.a3 Bf8 
22.e5 Rxd3 23.Rxd3 Nd5 24.Nd6 Bxd6 25.exd6 Rxe1+ 26.Nxe1 Qd7 27.Qe2 Bxd3 
28.Nxd3 Kf8 29.Qe4 Qe6 30.Qxh7 f6 31.Qh8+ Kf7 32.Qh5+ Kf8 33.Kf1 Qe4 34.
Qh8+ Kf7 35.d7 Ne3+ 36.fxe3 Qxd3+ 37.Kg1 Qxe3+ 1/2-1/2

[Event "zonal 1.5"]
[Site "Panormo GRE"]
[Date "1998.10.24"]
[Round "1"]
[White "Simeonidis, Ioannis"]
[Black "Papaioannou, Ioannis"]
[Result "0-1"]
[WhiteElo "2310"]
[BlackElo "2520"]
[EventDate "1998.10.24"]
[PlyCount "92"]

1.e4 d5 2.exd5 Qxd5 3.Nc3 Qa5 4.Nf3 Nf6 5.Be2 c6 6.O-O Bf5 7.b4 Qd8 8.b5 
e6 9.Bb2 Be7 10.Nh4 Bg6 11.a4 O-O 12.Nxg6 hxg6 13.Bf3 Qc7 14.d3 Nbd7 15.g3
Rad8 16.Qe2 Nd5 17.Ne4 N7f6 18.Ng5 Rfe8 19.Bg2 a6 20.bxc6 bxc6 21.Nf3 Rb8 
22.c4 Nb4 23.Rfd1 Nd7 24.h4 c5 25.d4 Bf6 26.Rd2 cxd4 27.Nxd4 Nc5 28.Ra3 e5
29.Nb3 Ncd3 30.Rxd3 Nxd3 31.Qxd3 e4 32.Qe2 Bxb2 33.Qxb2 e3 34.Qe2 Qd6 35.
c5 exf2+ 36.Qxf2 Qd1+ 37.Kh2 Rxb3 38.Rxb3 Qxb3 39.Qd4 Qc2 40.c6 Re2 41.Qd5
Rd2 42.Qf3 a5 43.Kh3 Qf5+ 44.Qxf5 gxf5 45.Bf1 Rc2 46.Bb5 g6 0-1

[Event "zonal 1.5"]
[Site "Panormo GRE"]
[Date "1998.10.24"]
[Round "1"]
[White "Grivas, Efstratios"]
[Black "Shengelia, Davit"]
[Result "0-1"]
[WhiteElo "2520"]
[BlackElo "2310"]
[EventDate "1998.10.24"]
[PlyCount "102"]

1.Nf3 Nf6 2.c4 g6 3.Nc3 d5 4.d4 Bg7 5.Bg5 Ne4 6.Bh4 Nxc3 7.bxc3 dxc4 8.
Qa4+ Qd7 9.Qxc4 b6 10.Qb3 Ba6 11.e3 Bxf1 12.Kxf1 Nc6 13.Ke2 e5 14.dxe5 
Nxe5 15.Rad1 Qc6 16.Nxe5 Bxe5 17.Qd5 Qxd5 18.Rxd5 Bd6 19.Rhd1 Kd7 20.Bg3 
Rhd8 21.Bxd6 Kc6 22.R1d4 Rxd6 23.Rxd6+ cxd6 24.Rf4 f5 25.Rh4 h5 26.Rc4+ 
Kd7 27.Kf3 d5 28.Rd4 Ke6 29.c4 Rd8 30.h4 Ke5 31.cxd5 b5 32.a4 Rxd5 33.Rf4 
a6 34.axb5 axb5 35.Rb4 Kd6 36.Rb2 Kc5 37.Kf4 b4 38.f3 Kc4 39.e4 fxe4 40.
Kxe4 Rd4+ 41.Ke5 Rxh4 42.Kf6 Rh2 43.Kxg6 h4 44.Re2 Kd3 45.Re4 b3 46.Kg5 b2
47.Rb4 Kc2 48.f4 b1=Q 49.Rxb1 Kxb1 50.f5 Kc2 51.f6 Kd3 0-1

[Event "zonal 1.5"]
[Site "Panormo GRE"]
[Date "1998.10.24"]
[Round "1"]
[White "Drasko, Milan"]
[Black "Sargissian, Gabriel"]
[Result "1/2-1/2"]
[WhiteElo "2515"]
[BlackElo "2290"]
[EventDate "1998.10.24"]
[PlyCount "103"]

1.d4 d5 2.c4 e6 3.Nc3 Be7 4.cxd5 exd5 5.Bf4 c6 6.Qc2 g6 7.e3 Bf5 8.Qd2 Nf6
9.f3 h5 10.Bd3 Bxd3 11.Qxd3 Na6 12.Nge2 Qd7 13.O-O Nc7 14.Rab1 O-O 15.b4 
Ne6 16.Be5 Rad8 17.b5 c5 18.dxc5 Nxc5 19.Qd4 Ne6 20.Qd2 Ne8 21.Rfd1 Bf6 
22.Bxf6 Nxf6 23.Nd4 Rfe8 24.Nce2 Rc8 25.Rb3 Nc5 26.Ra3 a6 27.bxa6 bxa6 28.
Rc1 Qe7 29.Qb4 a5 30.Qxa5 Nb7 31.Qa4 Rxc1+ 32.Nxc1 Nd6 33.Qb4 Qc7 34.Rc3 
Nc4 35.Ncb3 Rxe3 36.Rxe3 Nxe3 37.Qc5 Qb7 38.Nc6 Nf5 39.Ncd4 Nd7 40.Qc3 Qa7
41.Qd2 Ne5 42.Kh1 Nc4 43.Qf2 Nxd4 44.Nxd4 Qa3 45.h4 Qd3 46.Nc6 Ne3 47.Qb2 
Qf1+ 48.Kh2 Qe1 49.Ne7+ Kf8 50.Nxg6+ fxg6 51.Qf6+ Ke8 52.Qe6+ 1/2-1/2

[Event "zonal 1.5"]
[Site "Panormo GRE"]
[Date "1998.10.24"]
[Round "1"]
[White "Gogolis, Alexandros"]
[Black "Gelashvili, Tamaz"]
[Result "0-1"]
[WhiteElo "2260"]
[BlackElo "2510"]
[EventDate "1998.10.24"]
[PlyCount "84"]

1.d4 Nf6 2.Nf3 e6 3.Bg5 Be7 4.Nbd2 O-O 5.c3 c5 6.e3 b6 7.Bxf6 Bxf6 8.Bd3 
cxd4 9.cxd4 Nc6 10.a3 Bb7 11.O-O d6 12.Rc1 g6 13.Qe2 a6 14.Rc2 b5 15.b4 
Bg7 16.Be4 Qd7 17.Rfc1 Rac8 18.Nb3 f5 19.Bd3 e5 20.dxe5 Nxe5 21.Nbd4 Bd5 
22.h3 Rxc2 23.Rxc2 Qb7 24.Rc1 Rc8 25.Rxc8+ Qxc8 26.Qc2 Nxf3+ 27.gxf3 Qxc2 
28.Bxc2 Bxd4 29.exd4 Bxf3 30.Bb3+ d5 31.Kh2 f4 32.Bc2 Kf7 33.Bd3 Kf6 34.
Bc2 Kg5 35.Bd3 Kh4 36.Bc2 Be4 37.Bd1 h5 38.Be2 g5 39.f3 Bf5 40.Bf1 Be6 41.
Bg2 Bd7 42.Bf1 Bf5 0-1

[Event "zonal 1.5"]
[Site "Panormo GRE"]
[Date "1998.10.24"]
[Round "1"]
[White "Pavlovic, Milos"]
[Black "Karapanos, Nikolaos"]
[Result "1-0"]
[WhiteElo "2505"]
[BlackElo "2245"]
[EventDate "1998.10.24"]
[PlyCount "49"]

1.e4 c5 2.Nf3 d6 3.d4 cxd4 4.Nxd4 Nf6 5.Nc3 g6 6.Be3 Bg7 7.f3 O-O 8.Qd2 
Nc6 9.Bc4 Bd7 10.O-O-O Qb8 11.h4 b5 12.Bb3 Rc8 13.h5 Na5 14.hxg6 Nxb3+ 15.
Nxb3 fxg6 16.Nd5 Re8 17.Nxf6+ exf6 18.Nc5 dxc5 19.Qxd7 Qe5 20.Qxb5 Rab8 
21.Qc4+ Kh8 22.c3 f5 23.Rxh7+ Kxh7 24.Rh1+ Bh6 25.Qf7+ 1-0

[Event "zonal 1.5"]
[Site "Panormo GRE"]
[Date "1998.10.24"]
[Round "1"]
[White "Karadeniz, Emre"]
[Black "Zaichik, Gennadi"]
[Result "0-1"]
[WhiteElo "2220"]
[BlackElo "2505"]
[EventDate "1998.10.24"]
[PlyCount "74"]

1.e4 d6 2.d4 g6 3.Nc3 Bg7 4.Be3 a6 5.Be2 b5 6.Bf3 Nd7 7.e5 Rb8 8.exd6 cxd6
9.Nge2 Ngf6 10.O-O O-O 11.Nf4 e6 12.a4 b4 13.Nb1 e5 14.Nd5 e4 15.Nxf6+ 
Nxf6 16.Be2 Nd5 17.Bc4 Nxe3 18.fxe3 d5 19.Bb3 Be6 20.Nd2 Qg5 21.Qe2 Rbc8 
22.Rfe1 Rc6 23.Rac1 Rfc8 24.Nf1 h5 25.Kh1 Bf8 26.Qd2 a5 27.Qf2 h4 28.Nd2 
Bd6 29.Rg1 Kg7 30.Nf1 R6c7 31.Qe2 Rb8 32.Qa6 Qe7 33.Qe2 Rc6 34.Nd2 Qg5 35.
c4 bxc3 36.Rxc3 Rcb6 37.Rc2 Rxb3 0-1

[Event "zonal 1.5"]
[Site "Panormo GRE"]
[Date "1998.10.24"]
[Round "1"]
[White "Duric, Stefan"]
[Black "Chilov, Alexandros"]
[Result "1-0"]
[WhiteElo "2500"]
[BlackElo "2205"]
[EventDate "1998.10.24"]
[PlyCount "79"]

1.e4 e5 2.Nf3 Nc6 3.Bb5 a6 4.Ba4 Nf6 5.d4 exd4 6.O-O Be7 7.Re1 O-O 8.e5 
Nd5 9.Bb3 Nb6 10.Nxd4 Nxd4 11.Qxd4 d5 12.exd6 Bxd6 13.Bf4 Bf5 14.Bxd6 Qxd6
15.Qxd6 cxd6 16.Re7 Rab8 17.Nc3 Bg6 18.Rae1 Rfd8 19.Nd5 Nxd5 20.Bxd5 b6 
21.f4 Bxc2 22.Rxf7 Kh8 23.Rc7 Bg6 24.Ree7 Rf8 25.g3 Rbe8 26.Rxe8 Rxe8 27.
Kf2 h5 28.Rd7 Rc8 29.Rxd6 Rc2+ 30.Ke3 Bf5 31.Rxb6 Rxh2 32.Kd4 Rh3 33.Ke5 
Bb1 34.Rb8+ Kh7 35.Bg8+ Kh6 36.Rb6+ g6 37.Rb7 g5 38.f5 g4 39.Rh7+ Kg5 40.
Rg7+ 1-0

[Event "zonal 1.5"]
[Site "Panormo GRE"]
[Date "1998.10.24"]
[Round "1"]
[White "Borg, Andrew"]
[Black "Kovacevic, Aleksandar"]
[Result "1/2-1/2"]
[WhiteElo "2150"]
[BlackElo "2495"]
[EventDate "1998.10.24"]
[PlyCount "59"]

1.d4 Nf6 2.c4 c5 3.d5 e6 4.Nc3 exd5 5.cxd5 d6 6.e4 g6 7.f4 Bg7 8.Nf3 O-O 
9.Be2 Bg4 10.e5 Bxf3 11.Bxf3 dxe5 12.fxe5 Nfd7 13.e6 Ne5 14.O-O fxe6 15.
Be3 Nxf3+ 16.Rxf3 Rxf3 17.Qxf3 exd5 18.Nxd5 Nc6 19.Bxc5 Kh8 20.Rd1 Qa5 21.
Ba3 Rd8 22.Qe4 Ne5 23.Ne3 Rxd1+ 24.Nxd1 Qd2 25.Nc3 h5 26.h3 Nd3 27.Bd6 Kh7
28.Qxb7 Qxb2 29.Qxb2 Nxb2 30.Ne2 1/2-1/2

[Event "zonal 1.5"]
[Site "Panormo GRE"]
[Date "1998.10.24"]
[Round "1"]
[White "Supatashvili, Khvicha"]
[Black "Tsichlis, Georgios"]
[Result "1-0"]
[WhiteElo "2495"]
[BlackElo "2145"]
[EventDate "1998.10.24"]
[PlyCount "83"]

1.d4 Nf6 2.c4 e6 3.Nc3 Bb4 4.e3 c5 5.Ne2 cxd4 6.exd4 d5 7.a3 Be7 8.Nf4 
dxc4 9.Bxc4 Nbd7 10.O-O O-O 11.Be3 Nb6 12.Ba2 Bd7 13.d5 Nbxd5 14.Ncxd5 
exd5 15.Nxd5 Nxd5 16.Bxd5 Bf6 17.Qf3 Bg4 18.Qe4 Qd7 19.Bxb7 Bf5 20.Qf3 Bg4
21.Bc6 Qe6 22.Qe4 Rac8 23.Bd5 Qd7 24.Bb3 Rb8 25.Bc2 g6 26.Qf4 Bxb2 27.Rab1
f6 28.Ba4 Qf5 29.h3 Be2 30.Qxf5 gxf5 31.Rfe1 Bd3 32.Rbd1 Be4 33.f3 Ba8 34.
Bxa7 Rbd8 35.Bc5 Rxd1 36.Rxd1 Rc8 37.Bb4 Kf7 38.Bd7 Rg8 39.Bxf5 Bxf3 40.
Rd7+ Ke8 41.g4 h5 42.Rh7 1-0

[Event "zonal 1.5"]
[Site "Panormo GRE"]
[Date "1998.10.24"]
[Round "1"]
[White "Banikas, Hristos"]
[Black "Raptis, Georgios"]
[Result "1-0"]
[WhiteElo "2490"]
[BlackElo "2140"]
[EventDate "1998.10.24"]
[PlyCount "77"]

1.d4 Nf6 2.c4 e6 3.Nf3 Bb4+ 4.Bd2 Qe7 5.g3 Nc6 6.Nc3 O-O 7.Bg2 Bxc3 8.Bxc3
Ne4 9.Rc1 d6 10.O-O Nxc3 11.Rxc3 a5 12.d5 Nd8 13.Qc2 Re8 14.e4 Qf6 15.Rd1 
e5 16.c5 Bg4 17.cxd6 cxd6 18.h3 Bd7 19.Nd2 b5 20.Rc7 Re7 21.Rc1 h5 22.h4 
Bg4 23.Qd3 b4 24.f3 Rxc7 25.Rxc7 Bc8 26.Qb5 Kh7 27.Nc4 Qh6 28.Kh2 f5 29.
Nb6 f4 30.Nxc8 fxg3+ 31.Kh3 Ne6 32.dxe6 Qxe6+ 33.Kxg3 Rxc8 34.Rxc8 Qxc8 
35.Qxa5 Qc1 36.Qxb4 Qf4+ 37.Kh3 g5 38.hxg5 h4 39.Qe1 1-0

[Event "zonal 1.5"]
[Site "Panormo GRE"]
[Date "1998.10.24"]
[Round "1"]
[White "Kagas, Konstantinos"]
[Black "Janjgava, Lasha"]
[Result "0-1"]
[WhiteElo "2140"]
[BlackElo "2490"]
[EventDate "1998.10.24"]
[PlyCount "52"]

1.d4 Nf6 2.c3 g6 3.Bf4 Bg7 4.Nf3 O-O 5.e3 d6 6.Bd3 Nbd7 7.Nbd2 Re8 8.Nc4 
b5 9.Ncd2 Rb8 10.O-O e5 11.Bg5 h6 12.Bxf6 Nxf6 13.e4 exd4 14.cxd4 c5 15.
Rc1 Nd7 16.Bb1 Qb6 17.Re1 cxd4 18.Nb3 Bb7 19.Nbxd4 Nc5 20.b4 Nxe4 21.Qd3 
Nxf2 22.Kxf2 Bxf3 23.Kxf3 Bxd4 24.Rcd1 Rxe1 25.Rxe1 d5 26.Rf1 Re8 0-1

[Event "zonal 1.5"]
[Site "Panormo GRE"]
[Date "1998.10.24"]
[Round "1"]
[White "Bras, Emanouel"]
[Black "Ivanisevic, Ivan"]
[Result "0-1"]
[WhiteElo "2105"]
[BlackElo "2475"]
[EventDate "1998.10.24"]
[PlyCount "65"]

1.d4 Nf6 2.Nf3 g6 3.g3 Bg7 4.Bg2 O-O 5.O-O d6 6.c4 c6 7.Nc3 Qa5 8.Qd2 Qa6 
9.b3 b5 10.cxb5 cxb5 11.a4 bxa4 12.Rxa4 Qb6 13.Ne5 Bb7 14.Nc4 Qc7 15.Nb5 
Qd7 16.Bxb7 Qxb7 17.Nc3 Qxb3 18.Na5 Qb6 19.Ba3 Rc8 20.Nc4 Qd8 21.Rb1 Nbd7 
22.e3 h5 23.Qd3 Rc6 24.Na5 Rb6 25.Nc4 Rxb1+ 26.Qxb1 Qc8 27.Qd3 h4 28.gxh4 
Nf8 29.Qe2 d5 30.Bxe7 dxc4 31.Rxc4 Qa6 32.Rc7 Qa5 33.Bxf6 0-1

[Event "zonal 1.5"]
[Site "Panormo GRE"]
[Date "1998.10.24"]
[Round "1"]
[White "Moutousis, Konstantinos"]
[Black "Petsetidi, Maria"]
[Result "1-0"]
[WhiteElo "2475"]
[BlackElo "2090"]
[EventDate "1998.10.24"]
[PlyCount "69"]

1.d4 d5 2.c4 c6 3.Nc3 Nf6 4.Nf3 dxc4 5.a4 Bf5 6.e3 e6 7.Bxc4 Bb4 8.O-O O-O
9.Qe2 Bg6 10.Ne5 Nbd7 11.Nxg6 hxg6 12.Rd1 Nb6 13.Bb3 Qe7 14.Qc2 Rfd8 15.a5
Nbd5 16.e4 Nc7 17.e5 Nh7 18.Ne4 Rd7 19.Be3 Nd5 20.a6 Nxe3 21.fxe3 Rdd8 22.
Rf1 Rac8 23.axb7 Qxb7 24.Bc4 a5 25.Rf4 c5 26.Raf1 cxd4 27.Rxf7 Qxf7 28.
Rxf7 Kxf7 29.Qf2+ Ke7 30.Qh4+ Kf8 31.Qxh7 Be7 32.Bxe6 Rc1+ 33.Kf2 dxe3+ 
34.Kg3 Bh4+ 35.Qxh4 1-0

[Event "zonal 1.5"]
[Site "Panormo GRE"]
[Date "1998.10.24"]
[Round "1"]
[White "Khachian, Melikset"]
[Black "Psomiadis, Stavros"]
[Result "1-0"]
[WhiteElo "2370"]
[BlackElo "2155"]
[EventDate "1998.10.24"]
[PlyCount "69"]

1.e4 e6 2.d3 d5 3.Nd2 c5 4.Ngf3 Nc6 5.g3 Bd6 6.Bg2 Nge7 7.O-O O-O 8.Re1 f6
9.c3 a5 10.a4 Kh8 11.Qb3 Ra6 12.Nf1 Rb6 13.Qa2 d4 14.N1d2 dxc3 15.bxc3 Ne5
16.Nxe5 Bxe5 17.Qc2 Ra6 18.Nc4 Bc7 19.Ba3 Rc6 20.e5 Nd5 21.exf6 Qxf6 22.
Ne3 Bd6 23.Nxd5 exd5 24.Bxd5 Rc7 25.Rab1 Re7 26.Be4 Re5 27.f4 Re6 28.c4 
Qd8 29.Bb2 Qc7 30.Bc3 Rh6 31.Qb2 Re6 32.Rf1 Rfe8 33.f5 Rxe4 34.dxe4 Rxe4 
35.f6 1-0

[Event "zonal 1.5"]
[Site "Panormo GRE"]
[Date "1998.10.25"]
[Round "2"]
[White "Gligoric, Svetozar"]
[Black "Vaganian, Rafael"]
[Result "0-1"]
[WhiteElo "2495"]
[BlackElo "2630"]
[EventDate "1998.10.24"]
[PlyCount "88"]

1.d4 e6 2.c4 d5 3.Nf3 Nf6 4.Nc3 Be7 5.Bg5 h6 6.Bxf6 Bxf6 7.e3 O-O 8.Rc1 a6
9.a3 c6 10.Bd3 Nd7 11.O-O b5 12.cxd5 cxd5 13.e4 dxe4 14.Bxe4 Rb8 15.Qe2 b4
16.axb4 Rxb4 17.Na2 Rb8 18.Rfd1 Qb6 19.Rc2 Rd8 20.Nc3 a5 21.Rcd2 Ba6 22.
Qe3 Rbc8 23.Bb1 Bb7 24.Be4 Ba6 25.Bb1 Bc4 26.h4 Bb3 27.Re1 Nf8 28.Ba2 Bxa2
29.Nxa2 Ng6 30.g3 Ne7 31.g4 h5 32.Qe4 hxg4 33.Qxg4 Nf5 34.d5 Nh6 35.Qh3 
exd5 36.Rxd5 Qxb2 37.Rxa5 Rc4 38.Qf1 Rg4+ 39.Kh1 Qb7 40.Qe2 Rf4 41.Ra3 Nf5
42.Kg1 Rg4+ 43.Kf1 Nd4 44.Qd3 Rf4 0-1

[Event "zonal 1.5"]
[Site "Panormo GRE"]
[Date "1998.10.25"]
[Round "2"]
[White "Janjgava, Lasha"]
[Black "Sturua, Zurab"]
[Result "1/2-1/2"]
[WhiteElo "2490"]
[BlackElo "2600"]
[EventDate "1998.10.24"]
[PlyCount "82"]

1.d4 e6 2.e4 d5 3.exd5 exd5 4.Nf3 Nf6 5.Bd3 c5 6.dxc5 Bxc5 7.O-O Nc6 8.Bg5
h6 9.Bh4 Be6 10.Nbd2 g5 11.Bg3 Nh5 12.Nb3 Nxg3 13.hxg3 Bb6 14.c3 Qf6 15.
Nfd4 Nxd4 16.Nxd4 O-O-O 17.Nxe6 fxe6 18.Qf3 Rdf8 19.Qxf6 Rxf6 20.Rae1 Rhf8
21.Re2 g4 22.c4 Kd7 23.b4 Bd4 24.cxd5 exd5 25.Bc2 Kd6 26.Bb3 Rf5 27.Bc2 
R5f6 28.Bb3 Rf5 29.Bc2 Re5 30.Rxe5 Kxe5 31.Re1+ Kd6 32.Re2 Bc3 33.a3 Bb2 
34.Re3 Bd4 35.Re2 Bb2 36.Re3 Bd4 37.Re2 h5 38.Bb3 Rf5 39.Kf1 Be5 40.Ke1 
Bc3+ 41.Kf1 Be5 1/2-1/2

[Event "zonal 1.5"]
[Site "Panormo GRE"]
[Date "1998.10.25"]
[Round "2"]
[White "Atalik, Suat"]
[Black "Supatashvili, Khvicha"]
[Result "1-0"]
[WhiteElo "2585"]
[BlackElo "2495"]
[EventDate "1998.10.24"]
[PlyCount "109"]

1.d4 Nf6 2.c4 e6 3.Nc3 Bb4 4.Qc2 O-O 5.a3 Bxc3+ 6.Qxc3 b6 7.Bg5 d6 8.e3 
Nbd7 9.Bd3 Ba6 10.Ne2 c5 11.Qc2 h6 12.Bh4 Rc8 13.Qa4 Bb7 14.O-O a6 15.Nc3 
Qc7 16.Rfc1 Qb8 17.Qd1 Qa8 18.Bf1 cxd4 19.Qxd4 Rc6 20.Na2 d5 21.cxd5 Rxc1 
22.Rxc1 Nxd5 23.e4 e5 24.Qd2 N5f6 25.f3 Rc8 26.Rd1 Rc7 27.Nb4 a5 28.Na2 
Qf8 29.Nc3 Nc5 30.Qd6 Qxd6 31.Rxd6 Rc6 32.Rd8+ Kh7 33.Bb5 Ne6 34.Bxc6 Nxd8
35.Bxb7 Nxb7 36.Bxf6 gxf6 37.Nd5 b5 38.Nxf6+ Kg6 39.Nd7 f6 40.Kf2 Nd6 41.
Nb6 f5 42.Ke3 fxe4 43.fxe4 Kf6 44.b3 Ke6 45.g4 Kf6 46.h4 Ke6 47.Kd3 Kf6 
48.Nd5+ Kf7 49.Ne3 Nb7 50.b4 a4 51.Nf5 Kg6 52.Ke3 Kf6 53.Nxh6 Nd6 54.Nf5 
Nc4+ 55.Kd3 1-0

[Event "zonal 1.5"]
[Site "Panormo GRE"]
[Date "1998.10.25"]
[Round "2"]
[White "Ivanisevic, Ivan"]
[Black "Anastasian, Ashot"]
[Result "0-1"]
[WhiteElo "2475"]
[BlackElo "2560"]
[EventDate "1998.10.24"]
[PlyCount "62"]

1.d4 d5 2.c4 c6 3.Nf3 Nf6 4.Nc3 a6 5.Bg5 Ne4 6.h4 Nxc3 7.bxc3 dxc4 8.e4 b5
9.Ne5 Nd7 10.Nxc6 Qb6 11.d5 e6 12.Qh5 g6 13.Qf3 Bb7 14.h5 Bxc6 15.hxg6 Ne5
16.Qf6 Nxg6 17.dxe6 fxe6 18.Qxe6+ Be7 19.Bxe7 Nxe7 20.Be2 Qc5 21.Rd1 h5 
22.Qf6 Rh7 23.e5 h4 24.Rd4 Bxg2 25.Rhxh4 Rxh4 26.Qxh4 Qxe5 27.Kd2 Bd5 28.
Qh6 b4 29.Bh5+ Kd7 30.Bf3 bxc3+ 31.Kxc3 Qxd4+ 0-1